| Tag |
First Indicator |
Second Indicator |
Subfields |
| LEADER |
00000cam a2200000 a 4500 |
| 001 |
in00000032268 |
| 005 |
20151007060442.0 |
| 008 |
861126s1986 njua b 10100 eng b |
| 010 |
|
|
|a 86027753
|
| 020 |
|
|
|a 0896031195
|
| 035 |
|
|
|a (OCoLC)14964386
|
| 035 |
|
|
|9 AAC0889AM
|
| 040 |
|
|
|a DNLM/DLC
|c DLC
|d m/c
|d TXA
|d UtOrBLW
|
| 049 |
|
|
|a TXAM
|c [A11683363]
|
| 050 |
0 |
0 |
|a QL495
|b .I496 1986
|
| 060 |
|
0 |
|a WL 104 I59 1986
|
| 082 |
0 |
|
|a 595.7/01/88
|2 19
|
| 245 |
0 |
0 |
|a Insect neurochemistry and neurophysiology, 1986 /
|c edited by A.B. Bořkovec and Dale B. Gelman.
|
| 264 |
|
1 |
|a Clifton, N.J. :
|b Humana Press,
|c [1986]
|
| 264 |
|
4 |
|c ©1986
|
| 300 |
|
|
|a xi, 484 pages :
|b illustrations ;
|c 25 cm.
|
| 336 |
|
|
|a text
|b txt
|2 rdacontent
|
| 337 |
|
|
|a unmediated
|b n
|2 rdamedia
|
| 338 |
|
|
|a volume
|b nc
|2 rdacarrier
|
| 490 |
1 |
|
|a Experimental and clinical neuroscience
|
| 500 |
|
|
|a Papers presented at the Second International Conference on Insect Neurochemistry and Neurophysiology (ICINN-86) held at the University of Maryland on Aug. 4-6, 1986.
|
| 504 |
|
|
|a Includes bibliographies and indexes.
|
| 650 |
|
0 |
|a Insects
|x Physiology
|v Congresses.
|
| 650 |
|
0 |
|a Neurochemistry
|v Congresses.
|
| 650 |
|
0 |
|a Neurophysiology
|v Congresses.
|
| 700 |
1 |
|
|a Bořkovec, A. B.
|q (Alexej B.),
|d 1925-
|
| 700 |
1 |
|
|a Gelman, Dale B.
|
| 711 |
2 |
|
|a International Conference on Insect Neurochemistry and Neurophysiology
|n (2nd :
|d 1986 :
|c University of Maryland)
|
| 830 |
|
0 |
|a Experimental and clinical neuroscience.
|
| 999 |
|
|
|a MARS
|
| 999 |
f |
f |
|s f3189934-bd15-3589-894b-efd96c292c60
|i 502ec64d-4f50-344f-a605-980fd4c40935
|t 0
|
| 952 |
f |
f |
|p ric
|a Texas A&M University
|b Rellis Campus
|c Joint Library Facility
|d Remote Storage
|t 0
|e QL495 .I496 1986
|h Library of Congress classification
|i unmediated -- volume
|m A14811683363
|
| 998 |
f |
f |
|a QL495 .I496 1986
|t 0
|l Remote Storage
|